Southville International School and Colleges
Your cart is empty.
  • Cart
  • Lists
    Public lists Eva Luna New books Lux_list list_1
    Your lists Log in to create your own lists
  • Log in to your account
  • Your cookies
  • Search history
Southville International School and Colleges
  • Advanced search
  • Recent comments
  • Most popular
  • Libraries

Log in to your account

Log in with GOOGLE


If you do not have an external account, but do have a local account, you can still log in:

  1. Home
  2. MARC view: Debbie's visit to the countryside /
Normal view MARC view ISBD view

Debbie's visit to the countryside / (Record no. 111218)

[ view plain ]
MARC details
000 -LEADER
fixed length control field 00520nam a2200181 a 4500
001 - CONTROL NUMBER
control field 3960
005 - DATE AND TIME OF LATEST TRANSACTION
control field 20140414131911.0
008 - FIXED-LENGTH DATA ELEMENTS--GENERAL INFORMATION
fixed length control field 040719s19uu xx 00 eng d
020 ## - INTERNATIONAL STANDARD BOOK NUMBER
International Standard Book Number 0-86163-018-1
050 ## - LIBRARY OF CONGRESS CALL NUMBER
Classification number ER
Item number D35 1983
100 ## - MAIN ENTRY--PERSONAL NAME
Personal name Delahaye, Gilbert
245 ## - TITLE STATEMENT
Title Debbie's visit to the countryside /
Statement of responsibility, etc Gilbert Delahaye, Marcel Marlier.
260 ## - PUBLICATION, DISTRIBUTION, ETC. (IMPRINT)
Place of publication, distribution, etc London :
Name of publisher, distributor, etc Award Publications,
Date of publication, distribution, etc 1983.
300 ## - PHYSICAL DESCRIPTION
Extent 1 v. p. : ill. ; cm.
650 ## - SUBJECT ADDED ENTRY--TOPICAL TERM
Topical term or geographic name as entry element Vacation
General subdivision Fiction.
650 ## - SUBJECT ADDED ENTRY--TOPICAL TERM
Topical term or geographic name as entry element Friendship
General subdivision Fiction.
Holdings
Withdrawn status Lost status Damaged status Use restrictions Home library Current library Shelving location Date acquired Source of acquisition Total Checkouts Full call number Barcode Date last seen Price effective from Koha item type
        Munich Library Munich Library Easy Reading Section 07/19/2004     ER D35 1983 M1816 04/14/2014 04/14/2014 Books

Debbie's visit to the countryside /

APA

Delahaye G., . (1983). Debbie's visit to the countryside. London: Award Publications.

Chicago

Delahaye Gilbert, . 1983. Debbie's visit to the countryside. London: Award Publications.

Harvard

Delahaye G., . (1983). Debbie's visit to the countryside. London: Award Publications.

MLA

Delahaye Gilbert, . Debbie's visit to the countryside. London: Award Publications. 1983.

  • Place hold
  • Print
  • Cite
  • Add to your cart (remove)
  • Save record
    BIBTEX Dublin Core MARCXML MARC (non-Unicode/MARC-8) MARC (Unicode/UTF-8) MARC (Unicode/UTF-8, Standard) MODS (XML) RIS
  • More searches
    Search for this title in:
    Other Libraries (WorldCat) Other Databases (Google Scholar) Online Stores (Bookfinder.com) Open Library (openlibrary.org)

Exporting to Dublin Core...

SOUTHVILLE LIBRARY

Southville International School and Colleges Library

1281 Tropical Ave. Cor. Luxembourg St., BF Homes International, Las Pinas City

Tel. No. 8256374 / 252358 Loc. 117/146

Powered by Koha